| 000 | 01870cam a22003011i 4500 | ||
|---|---|---|---|
| 003 | SA-RiAUC | ||
| 005 | 20241208150923.0 | ||
| 008 | 241207s1996 ts a g b 10010dara c | ||
| 040 |
_aAE-AdMPA _bara _cSA-RiAUC _erda |
||
| 043 | _aap----- | ||
| 082 | 0 | 4 | _a910.9165304 |
| 090 |
_a910.9165304 _bن د و |
||
| 111 | 2 |
_aندوة كتابات الرحالة والمبعوثين عن منطقة الخليج العربي عبر العصور _d(1996 : _cدبي، الإمارات العربية المتحدة) |
|
| 245 | 1 | 0 |
_aندوة كتابات الرحالة والمبعوثين عن منطقة الخليج العربي عبر العصور : _bعرض، نقد، تحليل : 20-22 ذو القعدة 1416 هـ، 5-10 إبريل 1996 : الوقائع والبحوث التي ألقيت فيها / _cإعداد وتقديم عبيد علي بن بطي. |
| 264 | 1 |
_aدبي، الإمارات العربية المتحدة : _aالعين، الإمارات العربية المتحدة : _aأبو ظبي : _bمركز جمعة الماجد للثقافة والتراث ؛ _bجامعة الإمارات العربية المتحدة ؛ _bالمجمع الثقافي، _c1996 |
|
| 300 |
_a458 صفحة : _bإيضاحيات ؛ _c24 سم |
||
| 336 |
_aنص _btxt _2rdacontent _3كتاب |
||
| 337 |
_aبدون وسيط _bn _2rdamedia |
||
| 338 |
_aمجلد _bnc _2rdacarrier |
||
| 504 | _aيشتمل على ببليوجرافية. | ||
| 650 | 7 |
_aالرحالة _zدول الخليج العربية _vتراجم _2aucsh |
|
| 651 | 7 |
_aدول الخليج العربية _xوصف ورحلات _2aucsh |
|
| 651 | 7 |
_aدول الخليج العربية _xتاريخ _2aucsh |
|
| 700 | 1 |
_aابن بطي، عبيد علي _eمعد. |
|
| 710 | 2 |
_aمركز جمعة الماجد للثقافة والتراث _eمنظم. |
|
| 942 |
_2ddc _cBOOK _n0 |
||
| 949 |
_aSA-JeALM _d241207 _uosman123 _n1 |
||
| 999 |
_c3136 _d3136 |
||